000 00647nam a2200253Ia 4500
005 20260121154912.0
008 008 260114s9999 xx 000 0 eng d
020 _a9781003107132
037 _aEBOOK
040 _aCRL
040 _beng
040 _cCRL
041 _2eng
041 _aeng
084 _qCRL
100 _a Stan Booth; Chris Mounsey
_91012903
245 0 _aReconsidering Extinction in Terms of the History of Global Bioethics
260 _bTaylor and Francis
260 _c2021
856 _uhttp://www.taylorfrancis.com/books/9781003107132
942 _cEBOOK
999 _c1579722
_d1579722